[Event "DFMMLV 2019"]
[Site "Braunfels"]
[Date "2019.06.21"]
[Round "3.9"]
[White "Hess, Olena"]
[Black "Steinbacher, Claudia"]
[Result "1-0"]
[WhiteElo "2097"]
[BlackElo "2080"]
[Annotator "NA"]
[PlyCount "77"]
[EventDate "2019.06.20"]
[EventType "team-tourn"]
[EventCountry "GER"]
[SourceTitle "playchess.com"]
[Source "ChessBase"]
[SourceQuality "1"]
[WhiteTeam "NRW"]
[BlackTeam "Sachsen"]
[TimeControl "40/5400+30:1800+30"]

1. Nf3 {[%emt 0:00:00]} Nf6 {[%emt 0:01:04]} 2. c4 {[%emt 0:00:00]} c5 {[%emt 0:00:17]} 3. d4 {[%emt 0:00:17]} cxd4 {[%emt 0:00:48]} 4. Nxd4 {[%emt 0:00:05]} d6 {[%emt 0:01:02]} 5. Nc3 {[%emt 0:00:28]} g6 {[%emt 0:00:20]} 6. e4 {[%emt 0:00:17]} Bg7 {[%emt 0:01:03]} 7. Be2 {[%emt 0:00:16]} Nc6 {[%emt 0:03:26]} 8. Be3 {[%emt 0:00:40]} O-O {[%emt 0:02:22]} 9. O-O {[%emt 0:00:07]} Bd7 {[%emt 0:05:50]} 10. Qd2 {[%emt 0:00:37]} Nxd4 {[%emt 0:03:34]} 11. Bxd4 {[%emt 0:00:10]} Bc6 {[%emt 0:00:23]} 12. f3 {[%emt 0:00:06]} a6 {[%emt 0:07:10]} 13. Rfd1 {[%emt 0:02:09]} Nd7 {[%emt 0:09:07]} 14. Be3 {[%emt 0:01:11]} Rb8 {[%emt 0:00:37]} 15. Rac1 {[%emt 0:06:36]} b5 {[%emt 0:07:50]} 16. cxb5 {[%emt 0:00:39]} Bxb5 {[%emt 0:00:51]} 17. b3 {[%emt 0:05:03]} Nf6 {[%emt 0:03:02]} 18. Nxb5 {[%emt 0:11:39]} axb5 {[%emt 0:00:02]} 19. Qb4 {[%emt 0:00:09]} Qd7 {[%emt 0:03:02]} 20. Rc2 {[%emt 0:00:47]} Rfc8 {[%emt 0:02:38]} 21. Rxc8+ {[%emt 0:03:48]} Qxc8 {[%emt 0:00:01]} 22. Rc1 {[%emt 0:03:32]} Qb7 {[%emt 0:00:16]} 23. a4 {[%emt 0:06:38]} d5 {[%emt 0:12:49]} 24. Qxb5 {[%emt 0:26:19]} Qxb5 {[%emt 0:00:49]} 25. Bxb5 {[%emt 0:00:08]} dxe4 {[%emt 0:00:05]} 26. Bf4 {[%emt 0:01:16]} Rf8 {[%emt 0:02:25]} 27. Bc6 {[%emt 0:09:07]} exf3 {[%emt 0:05:17]} 28. gxf3 {[%emt 0:01:22]} Nh5 {[%emt 0:01:25]} 29. Be3 {[%emt 0:00:32]} Rd8 {[%emt 0:00:46]} 30. Bb7 {[%emt 0:04:16]} Bd4 {[%emt 0:10:29]} 31. Bxd4 {[%emt 0:02:28]} Rxd4 {[%emt 0:00:01]} 32. a5 {[%emt 0:08:27]} Nf4 {[%emt 0:00:49]} 33. Ra1 {[%emt 0:02:50]} Ne2+ {[%emt 0:07:19]} 34. Kf2 {[%emt 0:01:03]} Nc3 {[%emt 0:00:37]} 35. a6 {[%emt 0:01:22]} Nb5 {[%emt 0:00:04]} 36. a7 {[%emt 0:00:56]} Nxa7 {[%emt 0:00:02]} 37. Rxa7 {[%emt 0:00:01]} e6 {[%emt 0:00:07]} 38. Ba6 {[%emt 0:01:07]} Rd2+ {[%emt 0:01:27]} 39. Be2 {[%emt 0:00:03]} 1-0

[Event "DFMMLV 2019"]
[Site "Braunfels"]
[Date "2019.06.21"]
[Round "3.10"]
[White "Arnhold, Steffi"]
[Black "Plass, Mariana-Camelia"]
[Result "0-1"]
[WhiteElo "1996"]
[BlackElo "2042"]
[Annotator "NA"]
[PlyCount "66"]
[EventDate "2019.06.20"]
[EventType "team-tourn"]
[EventCountry "GER"]
[SourceTitle "playchess.com"]
[Source "ChessBase"]
[SourceQuality "1"]
[WhiteTeam "Sachsen"]
[BlackTeam "NRW"]
[TimeControl "40/5400+30:1800+30"]

1. e4 {[%emt 0:00:00]} c5 {[%emt 0:00:00]} 2. Nc3 {[%emt 0:00:00]} a6 {[%emt 0:00:02]} 3. Nf3 {[%emt 0:00:12]} d6 {[%emt 0:00:26]} 4. d4 {[%emt 0:00:07]} cxd4 {[%emt 0:00:08]} 5. Nxd4 {[%emt 0:00:05]} Nf6 {[%emt 0:00:08]} 6. Bg5 {[%emt 0:00:21]} e6 {[%emt 0:01:02]} 7. f4 {[%emt 0:00:14]} Be7 {[%emt 0:00:16]} 8. Qe2 {[%emt 0:01:32]} Qa5 {[%emt 0:02:51]} 9. O-O-O {[%emt 0:05:19]} Nbd7 {[%emt 0:01:51]} 10. g4 {[%emt 0:02:17]} h6 {[%emt 0:04:27]} 11. Bh4 {[%emt 0:03:46]} g5 {[%emt 0:06:22]} 12. Nb3 {[%emt 0:00:48]} Qc7 {[%emt 0:01:40]} 13. fxg5 {[%emt 0:02:01]} Nh7 {[%emt 0:02:32]} 14. g6 {[%emt 0:02:54]} Bxh4 {[%emt 0:02:44]} 15. gxh7 {[%emt 0:00:16]} Ne5 {[%emt 0:01:31]} 16. Kb1 {[%emt 0:03:41]} Rxh7 {[%emt 0:00:45]} 17. Qd2 {[%emt 0:05:45]} Be7 {[%emt 0:09:34]} 18. Be2 {[%emt 0:02:42]} Bd7 {[%emt 0:00:32]} 19. Nd4 {[%emt 0:02:49]} Bg5 {[%emt 0:03:25]} 20. Qe1 {[%emt 0:01:22]} O-O-O {[%emt 0:00:56]} 21. h4 {[%emt 0:01:46]} Be7 {[%emt 0:02:55]} 22. Rh3 {[%emt 0:02:23]} Kb8 {[%emt 0:00:40]} 23. Qh1 {[%emt 0:06:46]} Rg8 {[%emt 0:02:29]} 24. Rg3 {[%emt 0:03:03]} Qd8 {[%emt 0:02:22]} 25. Nf3 {[%emt 0:13:43]} Rxg4 {[%emt 0:04:58]} 26. Qh3 {[%emt 0:07:43]} Rxg3 {[%emt 0:02:08]} 27. Qxg3 {[%emt 0:00:09]} Nxf3 {[%emt 0:06:12]} 28. Bxf3 {[%emt 0:00:32]} Bc6 {[%emt 0:00:42]} 29. h5 {[%emt 0:02:37]} Qh8 {[%emt 0:01:33]} 30. Rg1 {[%emt 0:01:58]} Kc7 {[%emt 0:00:33]} 31. Be2 {[%emt 0:01:27]} Bf6 {[%emt 0:00:47]} 32. Qe3 {[%emt 0:03:33]} Bd4 {[%emt 0:00:51]} 33. Qg3 Bf6 0-1

[Event "DFMMLV 2019"]
[Site "Braunfels"]
[Date "2019.06.21"]
[Round "3.11"]
[White "Sokalska, Viktorija"]
[Black "Daemering, Katrin"]
[Result "1-0"]
[WhiteElo "1961"]
[BlackElo "2003"]
[Annotator "NA"]
[PlyCount "81"]
[EventDate "2019.06.20"]
[EventType "team-tourn"]
[EventCountry "GER"]
[SourceTitle "playchess.com"]
[Source "ChessBase"]
[SourceQuality "1"]
[WhiteTeam "NRW"]
[BlackTeam "Sachsen"]
[TimeControl "40/5400+30:1800+30"]

1. e4 {[%emt 0:00:00]} c5 {[%emt 0:00:00]} 2. b3 {[%emt 0:00:00]} d6 {[%emt 0:00:35]} 3. Bb2 {[%emt 0:00:00]} a6 {[%emt 0:00:34]} 4. f4 {[%emt 0:01:01]} e5 {[%emt 0:03:31]} 5. Nf3 {[%emt 0:02:23]} exf4 {[%emt 0:01:25]} 6. Bc4 {[%emt 0:16:53]} Be6 {[%emt 0:08:25]} 7. Qe2 {[%emt 0:01:20]} b5 {[%emt 0:05:44]} 8. Bxe6 {[%emt 0:18:48]} fxe6 {[%emt 0:00:02]} 9. O-O {[%emt 0:00:34]} e5 {[%emt 0:10:02]} 10. Nxe5 {[%emt 0:13:05]} dxe5 {[%emt 0:15:48]} 11. Qh5+ {[%emt 0:00:12]} Kd7 {[%emt 0:00:17]} 12. Qf5+ {[%emt 0:14:57]} Kc6 {[%emt 0:10:39]} 13. Qxe5 {[%emt 0:04:58]} Nf6 {[%emt 0:11:42]} 14. a4 {[%emt 0:03:34]} Bd6 {[%emt 0:11:55]} 15. Qf5 {[%emt 0:02:52]} Qd7 {[%emt 0:04:34]} 16. axb5+ {[%emt 0:00:50]} Kb6 {[%emt 0:00:15]} 17. Qg5 {[%emt 0:00:57]} h6 {[%emt 0:03:33]} 18. Qg6 {[%emt 0:00:56]} Qg4 {[%emt 0:01:20]} 19. Qf7 {[%emt 0:02:07]} Ra7 {[%emt 0:02:23]} 20. Qc4 {[%emt 0:00:35]} axb5 {[%emt 0:00:14]} 21. Qd3 {[%emt 0:00:23]} Rd7 {[%emt 0:02:42]} 22. h3 {[%emt 0:06:34]} Qg3 {[%emt 0:01:53]} 23. Qxg3 {[%emt 0:00:23]} fxg3 {[%emt 0:00:01]} 24. e5 {[%emt 0:00:05]} Bxe5 {[%emt 0:02:26]} 25. Bxe5 {[%emt 0:00:05]} Ne4 {[%emt 0:00:53]} 26. d3 {[%emt 0:00:26]} Ng5 {[%emt 0:00:18]} 27. Bxg3 {[%emt 0:02:16]} Nc6 {[%emt 0:00:02]} 28. Nc3 {[%emt 0:00:45]} Nd4 {[%emt 0:00:10]} 29. Rf2 {[%emt 0:00:52]} Re8 {[%emt 0:00:05]} 30. h4 {[%emt 0:00:17]} Nge6 {[%emt 0:01:23]} 31. Ne4 {[%emt 0:00:19]} Nc7 {[%emt 0:01:10]} 32. Bxc7+ {[%emt 0:01:05]} Rxc7 {[%emt 0:00:03]} 33. Nd6 {[%emt 0:00:46]} Re6 {[%emt 0:00:23]} 34. Nf5 {[%emt 0:00:32]} Nc6 {[%emt 0:00:57]} 35. Ng3 {[%emt 0:01:22]} Nd4 {[%emt 0:00:32]} 36. Ne4 {[%emt 0:00:29]} Rce7 {[%emt 0:00:23]} 37. Rb1 {[%emt 0:01:48]} Nc6 {[%emt 0:00:28]} 38. Rbf1 {[%emt 0:00:21]} Nd4 {[%emt 0:00:11]} 39. Rb1 {[%emt 0:00:32]} Nc6 {[%emt 0:00:02]} 40. Nc3 {[%emt 0:00:18]} Nd4 {[%emt 0:01:04]} 41. Nd5+ {[%emt 0:30:23]} 1-0

[Event "DFMMLV 2019"]
[Site "Braunfels"]
[Date "2019.06.21"]
[Round "3.12"]
[White "Nagel, Verena"]
[Black "Sokalskaja, Elena"]
[Result "0-1"]
[WhiteElo "2029"]
[BlackElo "2014"]
[Annotator "NA"]
[PlyCount "84"]
[EventDate "2019.06.20"]
[EventType "team-tourn"]
[EventCountry "GER"]
[SourceTitle "playchess.com"]
[Source "ChessBase"]
[SourceQuality "1"]
[WhiteTeam "Sachsen"]
[BlackTeam "NRW"]
[TimeControl "40/5400+30:1800+30"]

1. d4 {[%emt 0:00:00]} Nf6 {[%emt 0:00:00]} 2. Nf3 {[%emt 0:00:00]} g6 {[%emt 0:00:00]} 3. e3 {[%emt 0:00:00]} Bg7 {[%emt 0:00:00]} 4. b3 {[%emt 0:00:09]} c5 {[%emt 0:00:00]} 5. Bd3 {[%emt 0:00:19]} Nc6 {[%emt 0:00:11]} 6. Bb2 {[%emt 0:00:17]} O-O {[%emt 0:00:07]} 7. O-O {[%emt 0:00:45]} cxd4 {[%emt 0:06:11]} 8. exd4 {[%emt 0:00:18]} d5 {[%emt 0:01:29]} 9. Nbd2 {[%emt 0:00:14]} Nb4 {[%emt 0:01:29]} 10. Be2 {[%emt 0:00:41]} Bf5 {[%emt 0:00:08]} 11. c3 {[%emt 0:01:34]} Nd3 {[%emt 0:04:03]} 12. Bxd3 {[%emt 0:01:49]} Bxd3 {[%emt 0:00:02]} 13. Re1 {[%emt 0:00:07]} Rc8 {[%emt 0:03:08]} 14. Ne5 {[%emt 0:02:35]} Bf5 {[%emt 0:04:29]} 15. g4 {[%emt 0:06:58]} Be6 {[%emt 0:00:21]} 16. g5 {[%emt 0:03:55]} Nh5 {[%emt 0:00:49]} 17. Qf3 {[%emt 0:01:33]} b5 {[%emt 0:07:51]} 18. Ba3 {[%emt 0:03:25]} Rc7 {[%emt 0:03:29]} 19. Bc5 {[%emt 0:02:17]} Qc8 {[%emt 0:00:14]} 20. b4 {[%emt 0:00:22]} f6 {[%emt 0:04:36]} 21. gxf6 {[%emt 0:02:33]} Rxf6 {[%emt 0:03:04]} 22. Qd3 {[%emt 0:03:01]} Nf4 {[%emt 0:00:23]} 23. Qxb5 {[%emt 0:00:35]} Nh3+ {[%emt 0:00:03]} 24. Kh1 {[%emt 0:00:14]} Nxf2+ {[%emt 0:10:26]} 25. Kg1 {[%emt 0:00:07]} Nh3+ {[%emt 0:05:35]} 26. Kh1 {[%emt 0:02:11]} Nf2+ {[%emt 0:04:11]} 27. Kg1 {[%emt 0:00:08]} Bh6 {[%emt 0:09:58]} 28. Nf1 {[%emt 0:12:39]} Nh3+ {[%emt 0:03:02]} 29. Kh1 {[%emt 0:00:07]} Bf5 {[%emt 0:01:30]} 30. Ng3 {[%emt 0:08:31]} Be4+ {[%emt 0:01:42]} 31. Nxe4 {[%emt 0:04:15]} dxe4 {[%emt 0:00:04]} 32. Rf1 {[%emt 0:01:37]} Nf2+ {[%emt 0:02:27]} 33. Rxf2 {[%emt 0:06:44]} Rxf2 {[%emt 0:00:03]} 34. d5 {[%emt 0:03:28]} e3 {[%emt 0:00:47]} 35. Nd3 {[%emt 0:05:16]} Qh3 {[%emt 0:09:27]} 36. Nxf2 {[%emt 0:00:11]} Qf3+ {[%emt 0:00:03]} 37. Kg1 {[%emt 0:00:10]} Qxf2+ {[%emt 0:00:06]} 38. Kh1 {[%emt 0:00:04]} Bf4 {[%emt 0:00:12]} 39. Qb8+ {[%emt 0:01:58]} Kf7 {[%emt 0:00:09]} 40. Qe8+ Kg7 41. Bd4+ Kh6 42. Qf8+ Kh5 0-1

[Event "DFMMLV 2019"]
[Site "Braunfels"]
[Date "2019.06.21"]
[Round "3.13"]
[White "Schmidt, Andrea"]
[Black "Just, Anita"]
[Result "1/2-1/2"]
[WhiteElo "2006"]
[BlackElo "1866"]
[Annotator "NA"]
[PlyCount "65"]
[EventDate "2019.06.20"]
[EventType "team-tourn"]
[EventCountry "GER"]
[SourceTitle "playchess.com"]
[Source "ChessBase"]
[SourceQuality "1"]
[WhiteTeam "NRW"]
[BlackTeam "Sachsen"]
[TimeControl "40/5400+30:1800+30"]

1. e4 {[%emt 0:00:00]} e6 {[%emt 0:00:00]} 2. d4 {[%emt 0:00:00]} d5 {[%emt 0:00:00]} 3. exd5 {[%emt 0:00:00]} exd5 {[%emt 0:00:00]} 4. Nf3 {[%emt 0:01:59]} Nc6 {[%emt 0:01:04]} 5. Bb5 {[%emt 0:04:07]} Bd6 {[%emt 0:02:30]} 6. c3 {[%emt 0:06:01]} Nge7 {[%emt 0:02:54]} 7. Bg5 {[%emt 0:02:45]} f6 {[%emt 0:03:20]} 8. Bh4 {[%emt 0:02:18]} Bg4 {[%emt 0:03:00]} 9. Bg3 {[%emt 0:01:01]} Qd7 {[%emt 0:03:32]} 10. Bxd6 {[%emt 0:05:02]} Qxd6 {[%emt 0:00:51]} 11. Nbd2 {[%emt 0:00:19]} O-O-O {[%emt 0:05:05]} 12. Qa4 {[%emt 0:01:42]} Qe6+ {[%emt 0:08:00]} 13. Kd1 {[%emt 0:00:45]} Kb8 {[%emt 0:01:26]} 14. Re1 {[%emt 0:02:20]} Bxf3+ {[%emt 0:03:10]} 15. Nxf3 {[%emt 0:00:22]} Qg4 {[%emt 0:02:48]} 16. Bf1 {[%emt 0:03:56]} Nc8 {[%emt 0:04:50]} 17. h3 Qf5 18. Qc2 {[%emt 0:01:35]} Qxc2+ {[%emt 0:04:20]} 19. Kxc2 {[%emt 0:00:06]} Nd6 {[%emt 0:00:29]} 20. Bd3 {[%emt 0:01:21]} Rde8 {[%emt 0:06:18]} 21. Nd2 {[%emt 0:05:22]} f5 {[%emt 0:05:19]} 22. g3 {[%emt 0:05:43]} g6 {[%emt 0:02:14]} 23. b4 {[%emt 0:04:01]} Kc8 {[%emt 0:03:47]} 24. Nf3 {[%emt 0:06:06]} Kd8 {[%emt 0:09:18]} 25. b5 {[%emt 0:02:48]} Na5 {[%emt 0:00:48]} 26. Ne5 {[%emt 0:01:43]} Re7 {[%emt 0:02:16]} 27. f4 {[%emt 0:05:48]} Rhe8 {[%emt 0:02:14]} 28. a4 {[%emt 0:02:33]} Ndc4 {[%emt 0:09:52]} 29. Bxc4 {[%emt 0:06:43]} Nxc4 {[%emt 0:00:31]} 30. a5 {[%emt 0:00:32]} Kc8 {[%emt 0:07:29]} 31. Reb1 {[%emt 0:07:01]} Re6 {[%emt 0:01:14]} 32. h4 b6 33. a6 1/2-1/2

[Event "DFMMLV 2019"]
[Site "Braunfels"]
[Date "2019.06.21"]
[Round "3.14"]
[White "Lowke, Kathrin"]
[Black "Hiebsch, Catalina"]
[Result "0-1"]
[WhiteElo "1887"]
[BlackElo "1760"]
[Annotator "NA"]
[PlyCount "72"]
[EventDate "2019.06.20"]
[EventType "team-tourn"]
[EventCountry "GER"]
[SourceTitle "playchess.com"]
[Source "ChessBase"]
[SourceQuality "1"]
[WhiteTeam "Sachsen"]
[BlackTeam "NRW"]
[TimeControl "40/5400+30:1800+30"]

1. e4 {[%emt 0:00:00]} e5 {[%emt 0:00:00]} 2. Nf3 {[%emt 0:00:00]} Nc6 {[%emt 0:00:00]} 3. Bb5 {[%emt 0:00:00]} Bc5 {[%emt 0:00:19]} 4. O-O {[%emt 0:01:20]} d6 {[%emt 0:00:57]} 5. h3 {[%emt 0:01:18]} Bd7 {[%emt 0:00:44]} 6. c3 {[%emt 0:00:23]} Nf6 {[%emt 0:04:56]} 7. Re1 {[%emt 0:00:17]} O-O {[%emt 0:02:45]} 8. d4 {[%emt 0:00:44]} exd4 {[%emt 0:06:24]} 9. cxd4 {[%emt 0:02:35]} Bb4 {[%emt 0:03:36]} 10. Bd2 {[%emt 0:00:53]} Bxd2 {[%emt 0:01:28]} 11. Nbxd2 {[%emt 0:02:59]} a6 {[%emt 0:01:03]} 12. Ba4 {[%emt 0:01:10]} b5 {[%emt 0:01:04]} 13. Bb3 {[%emt 0:00:30]} Na5 {[%emt 0:06:07]} 14. Bc2 {[%emt 0:00:35]} c5 {[%emt 0:05:55]} 15. e5 {[%emt 0:02:52]} dxe5 {[%emt 0:02:57]} 16. dxc5 {[%emt 0:01:03]} Qc7 {[%emt 0:06:24]} 17. Rxe5 {[%emt 0:06:54]} Bc6 {[%emt 0:04:48]} 18. b4 {[%emt 0:06:18]} Bxf3 {[%emt 0:01:50]} 19. Nxf3 {[%emt 0:00:35]} Nc6 {[%emt 0:00:20]} 20. Re2 {[%emt 0:11:21]} Nxb4 {[%emt 0:01:16]} 21. Qd4 {[%emt 0:02:41]} Nxc2 {[%emt 0:02:30]} 22. Rxc2 {[%emt 0:00:06]} Rfd8 {[%emt 0:04:09]} 23. Qb4 {[%emt 0:03:13]} Nd5 {[%emt 0:05:57]} 24. Qb3 {[%emt 0:02:37]} Rac8 {[%emt 0:02:37]} 25. a4 {[%emt 0:06:45]} b4 {[%emt 0:03:59]} 26. a5 {[%emt 0:00:06]} Rb8 {[%emt 0:03:38]} 27. Qc4 {[%emt 0:02:01]} Rb5 {[%emt 0:10:57]} 28. Nd4 {[%emt 0:02:14]} Rbb8 {[%emt 0:05:19]} 29. Qxa6 {[%emt 0:03:19]} b3 {[%emt 0:03:25]} 30. Rb2 {[%emt 0:02:58]} Qxc5 {[%emt 0:01:37]} 31. Ne2 {[%emt 0:07:39]} Nb4 {[%emt 0:02:06]} 32. Qb6 {[%emt 0:10:47]} Rxb6 {[%emt 0:00:11]} 33. axb6 {[%emt 0:00:04]} Qxb6 {[%emt 0:01:01]} 34. Rxb3 {[%emt 0:00:07]} Qd6 {[%emt 0:00:35]} 35. Rab1 {[%emt 0:00:54]} Nc6 {[%emt 0:01:42]} 36. Ng3 {[%emt 0:00:13]} Rb8 {[%emt 0:01:05]} 0-1

[Event "DFMMLV 2019"]
[Site "Braunfels"]
[Date "2019.06.21"]
[Round "3.15"]
[White "Hoerhold, Karola"]
[Black "von Keyserlingk, Chanda"]
[Result "1/2-1/2"]
[WhiteElo "1727"]
[BlackElo "1702"]
[Annotator "NA"]
[PlyCount "53"]
[EventDate "2019.06.20"]
[EventType "team-tourn"]
[EventCountry "GER"]
[SourceTitle "playchess.com"]
[Source "ChessBase"]
[SourceQuality "1"]
[WhiteTeam "NRW"]
[BlackTeam "Sachsen"]
[TimeControl "40/5400+30:1800+30"]

1. e4 {[%emt 0:00:00]} c5 {[%emt 0:00:41]} 2. Nc3 {[%emt 0:00:00]} d6 {[%emt 0:00:40]} 3. f4 {[%emt 0:00:43]} Nc6 {[%emt 0:01:59]} 4. Nf3 {[%emt 0:00:45]} g6 {[%emt 0:01:07]} 5. Bb5 {[%emt 0:01:17]} Bg7 {[%emt 0:01:17]} 6. Bxc6+ {[%emt 0:00:23]} bxc6 7. d3 Nf6 {[%emt 0:04:29]} 8. O-O {[%emt 0:00:47]} O-O {[%emt 0:00:21]} 9. Qe1 {[%emt 0:02:55]} e6 {[%emt 0:06:31]} 10. Bd2 {[%emt 0:03:08]} Rb8 {[%emt 0:08:43]} 11. b3 {[%emt 0:00:34]} Ne8 {[%emt 0:01:26]} 12. Rd1 {[%emt 0:06:37]} Nc7 {[%emt 0:06:46]} 13. Qg3 {[%emt 0:17:23]} Nb5 {[%emt 0:06:38]} 14. Nxb5 {[%emt 0:02:26]} cxb5 {[%emt 0:02:44]} 15. c4 {[%emt 0:05:16]} b4 {[%emt 0:05:21]} 16. Be3 {[%emt 0:08:48]} Qc7 {[%emt 0:04:42]} 17. d4 {[%emt 0:05:22]} cxd4 {[%emt 0:04:04]} 18. Nxd4 {[%emt 0:02:56]} Bd7 {[%emt 0:01:58]} 19. f5 {[%emt 0:07:06]} Be5 {[%emt 0:03:22]} 20. Qh3 {[%emt 0:00:39]} Bxd4 {[%emt 0:09:44]} 21. Bxd4 {[%emt 0:01:00]} e5 {[%emt 0:00:24]} 22. Qh6 {[%emt 0:03:35]} f6 {[%emt 0:03:48]} 23. fxg6 {[%emt 0:06:28]} Bg4 {[%emt 0:02:12]} 24. Rd3 {[%emt 0:10:48]} Qg7 {[%emt 0:04:05]} 25. gxh7+ {[%emt 0:03:43]} Qxh7 {[%emt 0:00:17]} 26. Qxh7+ {[%emt 0:00:11]} Kxh7 {[%emt 0:00:08]} 27. Bxa7 {[%emt 0:02:52]} 1/2-1/2

[Event "DFMMLV 2019"]
[Site "Braunfels"]
[Date "2019.06.21"]
[Round "3.16"]
[White "Gottschall, Ina"]
[Black "Haehnel, Andrea"]
[Result "1-0"]
[WhiteElo "1637"]
[BlackElo "1746"]
[Annotator "NA"]
[PlyCount "59"]
[EventDate "2019.06.20"]
[EventType "team-tourn"]
[EventCountry "GER"]
[SourceTitle "playchess.com"]
[Source "ChessBase"]
[SourceQuality "1"]
[WhiteTeam "Sachsen"]
[BlackTeam "NRW"]
[TimeControl "40/5400+30:1800+30"]

1. d4 {[%emt 0:00:00]} e6 {[%emt 0:00:00]} 2. Nf3 {[%emt 0:00:14]} f5 {[%emt 0:00:09]} 3. g3 {[%emt 0:00:23]} Nf6 {[%emt 0:00:39]} 4. Bg5 {[%emt 0:00:48]} Be7 {[%emt 0:00:07]} 5. Bg2 {[%emt 0:00:41]} O-O {[%emt 0:00:22]} 6. c4 {[%emt 0:01:11]} Ne4 {[%emt 0:02:59]} 7. Bxe7 {[%emt 0:02:14]} Qxe7 {[%emt 0:00:05]} 8. O-O {[%emt 0:03:01]} d6 {[%emt 0:01:34]} 9. Nc3 {[%emt 0:04:51]} Nxc3 {[%emt 0:00:12]} 10. bxc3 {[%emt 0:00:04]} e5 {[%emt 0:07:03]} 11. dxe5 {[%emt 0:05:49]} dxe5 {[%emt 0:00:20]} 12. Qd5+ {[%emt 0:00:56]} Be6 {[%emt 0:07:51]} 13. Qxb7 {[%emt 0:03:55]} Nd7 {[%emt 0:03:14]} 14. Nd2 {[%emt 0:11:43]} e4 {[%emt 0:08:34]} 15. Qb4 {[%emt 0:15:03]} Qf7 {[%emt 0:01:05]} 16. Rab1 {[%emt 0:06:24]} Ne5 {[%emt 0:06:12]} 17. Qa4 {[%emt 0:12:13]} Qh5 {[%emt 0:07:41]} 18. Qa6 {[%emt 0:08:28]} Qh6 {[%emt 0:11:32]} 19. Rfd1 {[%emt 0:03:45]} Rf6 {[%emt 0:11:10]} 20. Qb7 {[%emt 0:01:16]} Raf8 {[%emt 0:02:22]} 21. Qxc7 {[%emt 0:01:06]} Ng4 {[%emt 0:01:27]} 22. h3 {[%emt 0:00:33]} Nxf2 {[%emt 0:00:22]} 23. Kxf2 {[%emt 0:01:06]} e3+ {[%emt 0:00:06]} 24. Kg1 {[%emt 0:01:10]} f4 {[%emt 0:05:19]} 25. Ne4 {[%emt 0:02:14]} R6f7 {[%emt 0:03:48]} 26. Qe5 {[%emt 0:02:51]} Bxc4 {[%emt 0:05:41]} 27. Rd6 {[%emt 0:00:45]} Qxd6 {[%emt 0:06:48]} 28. Nxd6 {[%emt 0:02:15]} Bxe2 {[%emt 0:03:15]} 29. Nxf7 {[%emt 0:00:35]} f3 {[%emt 0:02:14]} 30. Qxe3 {[%emt 0:01:57]} 1-0

[Event "DFMMLV 2019"]
[Site "Braunfels"]
[Date "2019.06.21"]
[Round "3.17"]
[White "Kushka, Alena"]
[Black "Braeutigam, Irina"]
[Result "0-1"]
[WhiteElo "2148"]
[BlackElo "1973"]
[Annotator "NA"]
[PlyCount "86"]
[EventDate "2019.06.20"]
[EventType "team-tourn"]
[EventCountry "GER"]
[SourceTitle "playchess.com"]
[Source "ChessBase"]
[SourceQuality "1"]
[WhiteTeam "Hessen 1"]
[BlackTeam "Schleswig Holstein"]
[TimeControl "40/5400+30:1800+30"]

1. d4 {[%emt 0:00:00]} d6 {[%emt 0:00:00]} 2. Nf3 {[%emt 0:00:00]} Nd7 {[%emt 0:00:08]} 3. g3 {[%emt 0:00:26]} g6 {[%emt 0:01:32]} 4. Bg2 {[%emt 0:00:20]} Bg7 {[%emt 0:00:01]} 5. O-O {[%emt 0:00:38]} e5 {[%emt 0:01:00]} 6. c4 {[%emt 0:01:15]} Ne7 {[%emt 0:03:42]} 7. Nc3 {[%emt 0:01:00]} O-O {[%emt 0:00:08]} 8. e4 {[%emt 0:00:10]} a5 {[%emt 0:06:54]} 9. b3 {[%emt 0:04:48]} exd4 {[%emt 0:06:26]} 10. Nxd4 {[%emt 0:00:10]} Nc5 {[%emt 0:00:06]} 11. Bb2 {[%emt 0:02:26]} Bd7 {[%emt 0:00:34]} 12. Rb1 {[%emt 0:05:25]} f5 {[%emt 0:16:05]} 13. f4 {[%emt 0:05:07]} Nc6 {[%emt 0:04:03]} 14. Nxc6 {[%emt 0:04:37]} Bxc6 {[%emt 0:05:19]} 15. exf5 {[%emt 0:01:39]} Bxg2 {[%emt 0:02:31]} 16. Kxg2 {[%emt 0:00:04]} gxf5 {[%emt 0:00:09]} 17. Re1 {[%emt 0:11:18]} Qd7 {[%emt 0:00:35]} 18. Nd5 {[%emt 0:08:53]} Ne4 {[%emt 0:08:16]} 19. Qd3 {[%emt 0:04:45]} Rae8 {[%emt 0:02:03]} 20. Ne3 {[%emt 0:06:25]} b6 {[%emt 0:05:54]} 21. Bxg7 {[%emt 0:02:56]} Kxg7 {[%emt 0:00:06]} 22. Re2 {[%emt 0:07:58]} Nc5 {[%emt 0:15:50]} 23. Qd4+ {[%emt 0:00:31]} Kg6 {[%emt 0:00:18]} 24. Rbe1 {[%emt 0:16:41]} Re4 {[%emt 0:00:41]} 25. Qd5 {[%emt 0:00:26]} Rfe8 {[%emt 0:01:46]} 26. g4 {[%emt 0:01:16]} fxg4 {[%emt 0:10:00]} 27. Qg5+ {[%emt 0:02:04]} Kf7 {[%emt 0:00:07]} 28. Kg1 {[%emt 0:02:23]} Kf8 {[%emt 0:04:44]} 29. Nf5 {[%emt 0:04:21]} Qf7 {[%emt 0:03:39]} 30. Nh6 {[%emt 0:02:02]} Qg6 {[%emt 0:00:37]} 31. Qxg6 {[%emt 0:00:31]} hxg6 {[%emt 0:00:01]} 32. Rxe4 {[%emt 0:00:08]} Rxe4 {[%emt 0:00:23]} 33. Rxe4 {[%emt 0:00:56]} Nxe4 {[%emt 0:00:00]} 34. Nxg4 {[%emt 0:00:21]} Nc3 {[%emt 0:00:02]} 35. Kf2 {[%emt 0:01:05]} Nxa2 {[%emt 0:00:07]} 36. Ne3 {[%emt 0:01:16]} Nc1 {[%emt 0:01:09]} 37. Nd5 {[%emt 0:00:35]} Nxb3 {[%emt 0:00:17]} 38. Nxc7 {[%emt 0:00:09]} Nd2 {[%emt 0:00:52]} 39. Ke3 {[%emt 0:00:10]} Nxc4+ {[%emt 0:00:22]} 40. Kd4 {[%emt 0:02:11]} Na3 {[%emt 0:01:50]} 41. Kd5 {[%emt 0:32:12]} Ke7 {[%emt 0:13:53]} 42. Kc6 {[%emt 0:00:00]} b5 {[%emt 0:00:37]} 43. Kb6 {[%emt 0:00:00]} b4 {[%emt 0:01:42]} 0-1